000 00301nam a22001337a 4500
008 170524b xxu||||| |||| 00| 0 eng d
020 _a9684222432
041 _aeng
080 _a62
100 _a26
101 _aIM
245 _aDISPOSITIVOS ELECTRONICOS YCIRCUITOS
_cCATHEY,J.J
942 _2udc
_cBK
999 _c14028
_d14028